Entry Nombre personal
001 - NÚMERO DE CONTROL
- campo de control: 114818
003 - IDENTIFICADOR DE NÚMERO DE CONTROL
- campo de control: SpMaBN
005 - FECHA Y HORA DE LA ÚLTIMA TRANSACCIÓN
- campo de control: 20231129210202.0
008 - ELEMENTOS DE DATO DE LONGITUD-FIJA
- campo de control de longitud fija: 951106n| aijnnaabn a aaa
016 ## - NÚMERO DE CONTROL DE UNA AGENCIA BIBLIOGRÁFICA NACIONAL
- Número de control del registro: BNE19951171392
024 7# - IDENTIFICADOR DE OTROS ESTÁNDARES
- Número estándar o código: http://viaf.org/viaf/83238047/
- Fuente: viaf
024 7# - IDENTIFICADOR DE OTROS ESTÁNDARES
- Número estándar o código: https://isni.org/isni/0000000116798721
- Fuente: isni
040 ## - FUENTE DE CATALOGACIÓN
- Centro catalogador/agencia de origen: SpMaBN
- Lengua de catalogación: spa
- Centro/agencia transcriptor: SpMaBN
- Normas de descripción: rdc
- Convención/Normas de encabezamiento de materia/tesauro: embne
046 ## - FECHAS CON CODIFICACIÓN ESPECIAL
- Fecha de nacimiento: 1865
- Fecha de la muerte: 1939
100 1# - ENCABEZAMIENTO-NOMBRE DE PERSONA
- Nombre de persona: Vilariño, Remigio,
- Fechas asociadas al nombre: 1865-1939
370 ## - LUGAR ASOCIADO
- Lugar de nacimiento: España, País Vasco, Vizcaya, Gernika-Lumo
370 ## - LUGAR ASOCIADO
- Lugar de fallecimiento: España, País Vasco, Vizcaya, Bilbao
373 ## - GRUPO ASOCIADO
- Grupo asociado: Jesuitas
- Fuente del término: abne
374 ## - OCUPACIÓN
- Ocupación: Escritores
375 ## - GÉNERO/SEXO
- Género: Masculino
377 ## - IDIOMA ASOCIADO
- Término de lengua/lenguaje: Español
400 1# - TRAZADO DE VÉASE--NOMBRE DE PERSONA
- Nombre de persona: Vilariño Ugarte, Remigio,
- Fechas asociadas al nombre: 1865-1939
400 1# - TRAZADO DE VÉASE--NOMBRE DE PERSONA
- Nombre de persona: Vilariño, R.,
- Fechas asociadas al nombre: 1865-1939
670 ## - FUENTE DE DATOS ENCONTRADOS
- Cita de la fuente: Devocionario popular, de Remigio Vilariño, José-Julio Martínez, 1994
- Información encontrada: port. (Remigio Vilariño)
670 ## - FUENTE DE DATOS ENCONTRADOS
- Cita de la fuente: De broma y de veras
- Información encontrada: colección de lecturas ora serias ora alegres, 1916
- Información encontrada: portada (R. Vilariño S. J.)
670 ## - FUENTE DE DATOS ENCONTRADOS
- Cita de la fuente: Puntos de catecismo, 1962
- Información encontrada: portada (Remigio Vilariño Ugarte, S. J.)
670 ## - FUENTE DE DATOS ENCONTRADOS
- Cita de la fuente: O’Neill, C. E. y Dominguez, J. Mª. Diccionario Histórico de la Compañía de Jesús, biográfico-temático, volumen 4, 2001
- Información encontrada: páginas 3972-3973 (Vilariño Ugarte, Remigio. Nació en Guernica (Vizcaya) el 01-10-1865, murió en Bilbao el 16-04-1939; ingresó en la Compañía de Jesús en 1880, director de la revista “El Mensajero del Corazón de Jesús”, fundador de las revistas “De Broma y de Veras” (1911), “Sal Terrae” (1912), “Hosanna” (1924) y “Hechos y Dichos” (1934), escritor)
